Applied Microeconomics / (Record no. 38374)

MARC details
000 -LEADER
fixed length control field 00826nam a22002057a 4500
003 - CONTROL NUMBER IDENTIFIER
control field CUTN
005 - DATE AND TIME OF LATEST TRANSACTION
control field 20230405121206.0
008 - FIXED-LENGTH DATA ELEMENTS--GENERAL INFORMATION
fixed length control field 230405b |||||||| |||| 00| 0 eng d
020 ## - INTERNATIONAL STANDARD BOOK NUMBER
International Standard Book Number 9789388191166
041 ## - LANGUAGE CODE
Language English
082 ## - DEWEY DECIMAL CLASSIFICATION NUMBER
Classification number 338.5
Item number SCH
100 ## - MAIN ENTRY--PERSONAL NAME
Personal name Schmalensee, Richard L.
245 ## - TITLE STATEMENT
Title Applied Microeconomics /
Remainder of title Problems in Estimation, Forecasting, and Decision-Making; Student’s Manual:
Statement of responsibility, etc Richard L. Schmalensee
260 ## - PUBLICATION, DISTRIBUTION, ETC. (IMPRINT)
Place of publication, distribution, etc Chennai:
Name of publisher, distributor, etc Maven Books,
Date of publication, distribution, etc 2021.
300 ## - PHYSICAL DESCRIPTION
Extent 116p.:
Other physical details ill.:
Dimensions 5.5 x 0.33 x 8.5 inches
505 ## - FORMATTED CONTENTS NOTE
Title 1. Introduction, 2. Ecanometric Methods, 3. The Estimation Exercises, 4. Competitive and Manpoly Pricing, 5. The Forecasting problems, 6. Pricing in Oligopolistic Markets, 7. The Decision-Making Exercise
650 ## - SUBJECT ADDED ENTRY--TOPICAL TERM
Topical term or geographic name as entry element Microeconomics
690 ## - LOCAL SUBJECT ADDED ENTRY--TOPICAL TERM (OCLC, RLIN)
Department Name Economics
942 ## - ADDED ENTRY ELEMENTS (KOHA)
Source of classification or shelving scheme Dewey Decimal Classification
Koha item type General Books
Holdings
Withdrawn status Lost status Source of classification or shelving scheme Damaged status Not for loan Collection code Home library Location Shelving location Date of Cataloging Total Checkouts Full call number Barcode Date last seen Price effective from Koha item type
    Dewey Decimal Classification     Non-fiction CUTN Central Library CUTN Central Library Social Sciences 05/04/2023   338.5 SCH 45974 05/04/2023 05/04/2023 General Books